000 nam a22 a 4500
999 _c3635
_d3635
003 AKMAL
005 20170523125829.0
008 170523s1985 my 00 may d
020 _a9679840123 (kkt.):
_cRM 6.00
040 _aAKMAL
_cAKMAL
082 0 4 _a658.2 ADN
090 _a659.2
_bADN
100 0 _aHamdan Adnan
_97192
245 1 0 _aPR di Malaysia /
_cHamdan Adnan
260 _aKuala Lumpur :
_bNurin Enterprise,
_c1985
300 _aviii, 180ms. :
_bil. ;
_c21cm
504 _aBibliografi: ms.179-180
650 _aPublic relations
_zMalaysia
_97193
942 _2ddc
_cBOOK